Inverno em Yellowstone (Record no. 68595)
[ view plain ]
| 000 -LÍDER | |
|---|---|
| campo de controle de tamanho fixo | 00244 a2200109 4500 |
| 001 - NÚMERO DE CONTROLE | |
| campo de controle | 68595 |
| 040 ## - FONTE DA CATALOGAÇÃO | |
| Instituição que transcreveu o registro | Anchieta - Itaigara |
| 240 10 - TÍTULO UNIFORME | |
| Título uniforme | Inverno em Yellowstone |
| Idioma da obra | |
| 245 10 - TÍTULO | |
| Título | Inverno em Yellowstone |
| 650 #4 - ASSUNTO--TERMO TÓPICO | |
| Cabeçalho tópico ou nome geográfico | Geografia e viagens |
| 942 ## - ELEMENTOS DE ENTRADA ADICIONADOS (KOHA) | |
| Tipo de material Koha | Materiais mixtos |
| Situação do descarte | Situação das perdas | Situação física | Não pode ser emprestado | Biblioteca de origem | Biblioteca atual | Data de aquisição | Total de empréstimos | Número de chamada completo | Código de barras | Data de último acesso | Data do preço efetivo | Tipo de material Koha |
|---|---|---|---|---|---|---|---|---|---|---|---|---|
| Colégio São Paulo | Colégio São Paulo | 21/11/2023 | 910 INV | 123/ITA | 21/11/2023 | 21/11/2023 | Materiais mixtos |